000 00504ntaaa2200193 4500
003 01
005 20251027202444.0
008 0714s1973 ag 01
040 _aAR-BaBN
_bspa
_cAR-BaBN
_eaacr
_dRIC
082 _a266.0400 C21
100 _aCarmichael, Amy
_916380
245 _aGod's missionary
250 _a1 ed.
260 _aLondon :
_bSociety for Promoting Christian Knowjedge,
_c1939, 1963
300 _a37 p.
500 _aconsejos para misioneros
650 _aMisioneros
_98422
942 _cBK
999 _c19541
_d19541